000 00535nam a22001697a 4500
003 MACL
005 20160724114908.0
008 160724b xxu||||| |||| 00| 0 eng d
040 _cMACL
041 _aHindi
082 _a510 KHU
100 _aखुराना, शशि प्रभा
_965167
245 _aगणित शिक्षण
_cशश्‍िा प्रभा खुराना
260 _aजयपुर
_bमाया प्रकाशन
_c2015
650 _aगणित
_965168
942 _2ddc
_cHIN
999 _c54852
_d54852